La giurisprudenza tra repubblica e principato

Gardado en:
Detalles Bibliográficos
Autor Principal: D'Orta, Maurizio (Author)
Formato: Libro
Idioma:Lingua italiana
Publicado: Nápoles Scientifiche Italiane 1990
Series:Pubblicazioni dell'Università degli Studi di Salerno, Sezione di Studi Giuridici, 11
Subjects:
Tags: Engadir etiqueta
Sen Etiquetas, Sexa o primeiro en etiquetar este rexistro!

MARC

LEADER 00000nam a2200000 a 4500
001 UCO4470
003 CL-VaPUC
008 000804e19900000IT |||||||||||||||||ita|d
082 0 4 |a 348.04  |b DOR  |2 21 
100 0 |a D'Orta, Maurizio  |e author  |9 449018 
245 1 3 |a La giurisprudenza tra repubblica e principato 
300 |a 280 p 
942 |c BK 
945 |d 20000804 00:00:00  |a vberengu 
260 |a Nápoles  |b Scientifiche Italiane  |c 1990 
650 0 |a Derecho y legislación   |9 255077 
650 0 |a Derecho romano  |9 255930 
650 0 |a Estado y derecho  |9 255403 
650 0 |a Jurisprudencia  |9 255952 
650 0 |a República  |9 310048 
583 |a last modification  |c 20000804 00:00:00  |k Rodrigo Vera 
490 0 |a Pubblicazioni dell'Università degli Studi di Salerno, Sezione di Studi Giuridici, 11 
999 |c 290511  |d 290509 
952 |0 0  |1 0  |4 0  |6 348_040000000000000_DOR_1990  |7 0  |8 DER_ROM  |9 340000  |a BIBDER  |b BIBDER  |d 2019-11-20  |i 3593614  |o 348.04 DOR 1990  |p 3593614  |r 2023-01-25  |w 2019-11-20  |x Ubicación 4to piso  |y BK  |z Este recurso debe solicitarse con anticipación  |k DER